| 000 | 00395nam a2200109Ia 4500 | ||
|---|---|---|---|
| 008 | 160909s9999 xx 000 0 und d | ||
| 100 | _aHess, Carolyn. | ||
| 245 | 4 | _aThe Responsive Parenting Program: A parenting support curriculum for vulnerable families | |
| 260 |
_bCalifornia State University _c2016 |
||
| 650 | _aEDUC/SPED | ||
| 856 | _uhttp://pqdtopen.proquest.com/doc/1790817728.html?FMT=ABS | ||
| 999 |
_c305094 _d305094 |
||